| 000 | 01708cam a2200445 i 4500 | ||
|---|---|---|---|
| 001 | xx003444891 | ||
| 003 | NUKAT | ||
| 005 | 20260422192024.0 | ||
| 008 | 150528s1923 pl 2 |001 0 pol c | ||
| 035 | _a(OCoLC)899803477 | ||
| 035 | _a(NUKAT)xx003444891 | ||
| 040 |
_aWA U/76AU _cWA U/AUs _dWA U/76DP _dTOR U/WS |
||
| 100 | 1 |
_aSchmidt, Wacław. _92898 |
|
| 245 | 1 | 0 |
_aGeneza prywatnej rosyjskiej własności ziemskiej w b. gubernjach wileńskiej, grodzeńskiej i mińskiej (1793-1875) : _bz dodatkiem skorowidza majątków / _cWacław Schmidt. |
| 260 |
_aWarszawa : _bGłówny Urząd Statystyczny, _c1923. |
||
| 300 |
_a[6], 104 s. ; _c24 cm. |
||
| 336 |
_aTekst _btxt _2rdacontent |
||
| 337 |
_aBez urządzenia pośredniczącego _bn _2rdamedia |
||
| 338 |
_aWolumin _bnc _2rdacarrier |
||
| 380 | _aArtykuły | ||
| 500 | _aOdb.: Miesięcznik Statystyczny. R. 1922, t. 5, z. 11 i 12. | ||
| 504 | _aIndeks. | ||
| 530 | _aDostępne również w postaci elektronicznej. | ||
| 648 | 7 |
_a1701-1800 _2DBN _936035 |
|
| 648 | 7 |
_a1801-1900 _2DBN _936037 |
|
| 650 | 7 |
_aWłasność rolna _2DBN _936165 |
|
| 650 | 4 |
_aWłasność rolna _zPolska _y18 w. _2kaba _912790 |
|
| 650 | 4 |
_aWłasność rolna _zPolska _y19 w. _2kaba _912791 |
|
| 650 | 7 |
_aWłasność rolna _zRosja _y18 w. _2kaba _940413 |
|
| 650 | 7 |
_aWłasność rolna _zRosja _y19 w. _2kaba _940414 |
|
| 651 | 7 |
_aPolska _2DBN _935076 |
|
| 651 | 7 |
_aRosja _2DBN _936145 |
|
| 655 | 7 |
_aNadbitki i odbitki _2DBN _938727 |
|
| 658 | _aGospodarka, ekonomia, finanse | ||
| 658 | _aHistoria | ||
| 658 | _aRolnictwo i leśnictwo | ||
| 710 | 1 |
_aPolska. _bGłówny Urząd Statystyczny. _4pbl _98255 |
|
| 856 | 4 | 1 | _uhttp://kpbc.umk.pl/publication/216841 |
| 942 |
_2ddc _cBK_NM |
||
| 999 |
_c27729 _d27729 |
||